[Event "Asia zt 3.2 (Women)"]
[Site "Dhaka"]
[Date "2023.05.06"]
[Round "5"]
[White "Lohani, Sujana"]
[Black "Abeysinghe, HMH Janandani"]
[Result "1/2-1/2"]
[WhiteElo "1754"]
[BlackElo "1468"]
[PlyCount "97"]
[EventDate "2023.05.02"]
[EventType "tourn"]
[EventRounds "9"]
[EventCountry "BAN"]
[SourceTitle "CBM 215 Extra"]
[Source "ChessBase"]
[SourceDate "2023.09.30"]
[SourceVersion "1"]
[SourceVersionDate "2023.09.30"]
[SourceQuality "1"]

1. d4 Nf6 2. Nf3 e6 3. g3 d5 4. Bg2 Bb4+ 5. c3 Be7 6. 0-0 0-0 7. Nbd2 b6 8. Qc2 Bb7 9. Ne5 Nbd7 10. f4 c5 11. e3 Qc7 12. h3 b5 13. g4 cxd4 14. exd4 b4 15. Rf3 Rfc8 16. g5 Nxe5 17. fxe5 Ne4 18. Nxe4 dxe4 19. Rg3 bxc3 20. bxc3 Qc6 21. Bd2 Qd5 22. Qd1 Rc7 23. Qg4 Rac8 24. Re3 Qb5 25. Ree1 Qb2 26. Qe2 e3 27. Bxe3 Qxe2 28. Rxe2 Bxg2 29. Kxg2 Rxc3 30. Rb1 Bd8 31. Rb7 Bb6 32. Kf2 Kf8 33. Rd2 R3c7 34. Rxc7 Rxc7 35. Ke2 Ke7 36. Kd3 Kd7 37. h4 g6 38. Rh2 Kc6 39. Rc2+ Kd5 40. Rxc7 Bxc7 41. Bd2 Bb6 42. Bc3 a6 43. a4 Ba7 44. Bb2 Bb8 45. Bc3 Bc7 46. Bd2 Bd8 47. Bb4 Bb6 48. Bc3 Bd8 49. Bb4 1/2-1/2

[Event "SRI-ch (Women)"]
[Site "Colombo"]
[Date "2023.03.27"]
[Round "5"]
[White "Tharushi, THD Niklesha"]
[Black "Abeysinghe, HMH Janandani"]
[Result "0-1"]
[WhiteElo "1570"]
[BlackElo "1428"]
[PlyCount "172"]
[EventDate "2023.03.25"]
[EventType "tourn"]
[EventRounds "13"]
[EventCountry "SRI"]
[SourceTitle "CBM 213 Extra"]
[Source "ChessBase"]
[SourceDate "2023.05.31"]
[SourceVersion "1"]
[SourceVersionDate "2023.05.31"]
[SourceQuality "1"]

1. d4 Nf6 2. c4 e6 3. g3 Bb4+ 4. Bd2 Be7 5. Bg2 d5 6. Nf3 0-0 7. e3 Nbd7 8. b3 c6 9. Nc3 b6 10. Qe2 Bb7 11. 0-0 c5 12. Ne5 Ne4 13. Nxe4 dxe4 14. Nxd7 Qxd7 15. Bc3 f5 16. Rad1 Qc7 17. f3 exf3 18. Bxf3 Bf6 19. Be1 Rad8 20. Bf2 Rf7 21. Bxb7 Qxb7 22. dxc5 bxc5 23. e4 Bd4 24. Bxd4 cxd4 25. exf5 exf5 26. Rf4 Qb6 27. Qd3 g6 28. a3 Re7 29. Rf3 Re4 30. h3 Rde8 31. Kf2 a5 32. c5 Qxc5 33. Qc4+ Qxc4 34. bxc4 d3 35. Rfxd3 Rxc4 36. Rd8 Rxd8 37. Rxd8+ Kf7 38. Rd3 Re4 39. Kf3 h5 40. h4 Ke6 41. Rb3 Rg4 42. Rb6+ Kf7 43. Rb7+ Ke8 44. Rb6 Kd7 45. Ra6 a4 46. Rb6 Kc7 47. Ra6 Kd7 48. Rb6 Ke7 49. Ra6 Kf7 50. Ra7+ Ke6 51. Ra6+ Kd5 52. Ra5+ Kc6 53. Re5 Rd4 54. Ke3 Rg4 55. Kf3 Kb6 56. Rd5 Rc4 57. Kf2 Rc2+ 58. Kg1 Rc3 59. Rd6+ Kc5 60. Rxg6 Kd5 61. Rg5 Ke4 62. Kh2 f4 63. gxf4 Kxf4 64. Rxh5 Kg4 65. Rg5+ Kxh4 66. Ra5 Rxa3 67. Ra8 Ra2+ 68. Kg1 Kg3 69. Rg8+ Kf3 70. Rf8+ Ke3 71. Re8+ Kd3 72. Rd8+ Kc3 73. Rc8+ Kb3 74. Rh8 Rb2 75. Rh3+ Ka2 76. Rf3 Rb3 77. Rf2+ Ka1 78. Rf4 a3 79. Kg2 a2 80. Rf1+ Kb2 81. Rf2+ Ka3 82. Rf1 Rb1 83. Rf3+ Kb4 84. Rf4+ Kc5 85. Rf5+ Kd4 86. Rf4+ Ke5 0-1

[Event "SRI-ch (Women)"]
[Site "Colombo"]
[Date "2023.03.26"]
[Round "4"]
[White "Abeysinghe, HMH Janandani"]
[Black "Newansa, M Esandi"]
[Result "1/2-1/2"]
[WhiteElo "1428"]
[BlackElo "1576"]
[PlyCount "76"]
[EventDate "2023.03.25"]
[EventType "tourn"]
[EventRounds "13"]
[EventCountry "SRI"]
[SourceTitle "CBM 213 Extra"]
[Source "ChessBase"]
[SourceDate "2023.05.31"]
[SourceVersion "1"]
[SourceVersionDate "2023.05.31"]
[SourceQuality "1"]

1. g3 d5 2. Bg2 Bf5 3. d3 Nf6 4. Nd2 c6 5. b3 e6 6. Bb2 Nbd7 7. e4 dxe4 8. dxe4 Bg6 9. Ne2 Bb4 10. 0-0 h6 11. Nf4 Bh7 12. e5 Nd5 13. Nh5 Bg6 14. Nxg7+ Kf8 15. c3 Kxg7 16. cxb4 Nxb4 17. Be4 Nc5 18. Bxg6 fxg6 19. Ba3 Nbd3 20. Bxc5 Nxc5 21. Nc4 Nd3 22. Qe2 Nb4 23. Nd6 Qe7 24. Qc4 Nd5 25. Rad1 h5 26. Qc5 Qc7 27. Rfe1 h4 28. Re4 hxg3 29. hxg3 Rh5 30. Kg2 b6 31. Qc2 Qd7 32. Rg4 Rh6 33. Rh1 Rah8 34. Rxh6 Rxh6 35. Qc4 c5 36. Rh4 Qc6 37. Kg1 Rxh4 38. Qxh4 Qd7 1/2-1/2

[Event "Asia-ch Amateur (Women)"]
[Site "Muscat"]
[Date "2022.10.01"]
[Round "4"]
[White "Abeysinghe, HMH Janandani"]
[Black "Rouda Essa, Alserkal"]
[Result "0-1"]
[WhiteElo "1546"]
[BlackElo "1893"]
[PlyCount "70"]
[EventDate "2022.09.29"]
[EventType "swiss"]
[EventRounds "9"]
[EventCountry "OMN"]
[SourceTitle "CBM 210 Extra"]
[Source "ChessBase"]
[SourceDate "2022.11.30"]
[SourceVersion "1"]
[SourceVersionDate "2022.11.30"]
[SourceQuality "1"]

1. e4 e5 2. Nf3 Nc6 3. Bc4 Bc5 4. c3 Nf6 5. d3 a6 6. 0-0 0-0 7. Re1 d6 8. h3 h6 9. b4 Ba7 10. a4 Be6 11. Bxe6 fxe6 12. Be3 Qe8 13. Nbd2 Nh5 14. g3 Bxe3 15. Rxe3 Qf7 16. Qf1 Kh7 17. Nc4 Qf6 18. b5 Nd4 19. Nxd4 exd4 20. e5 Qf7 21. cxd4 axb5 22. Nb2 dxe5 23. dxe5 g5 24. d4 Ng7 25. g4 Qf4 26. Qd3+ Kg8 27. Re2 bxa4 28. Rxa4 Rxa4 29. Nxa4 Qc1+ 30. Kh2 Ra8 31. Nc5 Ra1 32. Kg3 Qh1 33. f4 Rg1+ 34. Kf2 Qh2+ 35. Ke3 Qxf4# 0-1

[Event "Olympiad Women-44"]
[Site "Chennai"]
[Date "2022.08.07"]
[Round "9.4"]
[White "Abeysinghe, HMH Janandani"]
[Black "Jansone, Melanija Luize"]
[Result "1/2-1/2"]
[WhiteElo "1516"]
[BlackElo "1584"]
[PlyCount "122"]
[EventDate "2022.07.29"]
[EventType "team-swiss"]
[EventRounds "11"]
[EventCountry "IND"]
[SourceTitle "CBM 210"]
[Source "ChessBase"]
[SourceDate "2022.10.31"]
[SourceVersion "1"]
[SourceVersionDate "2022.10.31"]
[SourceQuality "1"]
[WhiteTeam "Sri Lanka (W)"]
[BlackTeam "Latvia (W)"]
[WhiteTeamCountry "SRI"]
[BlackTeamCountry "LAT"]

1. e4 c5 2. Nc3 Nc6 3. f4 e6 4. Nf3 Nge7 5. d3 d5 6. e5 a6 7. a4 Nf5 8. Be2 g6 9. 0-0 Bg7 10. Qe1 0-0 11. g4 Nfd4 12. Nxd4 Nxd4 13. Bd1 b6 14. Nb1 Bb7 15. c3 Nc6 16. Bf3 Qc7 17. Na3 Rad8 18. Bd2 Qe7 19. g5 Na5 20. Nc2 Nb3 21. Ra3 Nxd2 22. Qxd2 d4 23. c4 Rb8 24. Ne1 b5 25. axb5 Bxf3 26. Nxf3 axb5 27. b3 bxc4 28. bxc4 Rb4 29. Qg2 Rfb8 30. Nd2 Rb2 31. Ra8 Qd8 32. Rxb8 Qxb8 33. Rd1 Bf8 34. Qc6 Qb4 35. Ne4 Rb1 36. Nf6+ Kg7 37. Qf3 Rb2 38. h4 Qb3 39. h5 Qc2 40. h6+ Kh8 41. Ng4 Kg8 42. Ra1 Qd2 43. Rd1 Qc2 44. Rf1 Ra2 45. Nf2 Qb2 46. Qd1 Be7 47. Qf3 Bf8 48. Kg2 Qc2 49. Qd1 Qb2 50. Kg3 Be7 51. Qf3 Bf8 52. Ng4 Ra3 53. Nf2 Ra2 54. Rg1 Qc2 55. Rg2 Ra3 56. Rg1 Ra2 57. Ng4 Ra3 58. Nf2 Ra2 59. Rg2 Ra3 60. Rg1 Ra2 61. Rg2 Ra3 1/2-1/2

[Event "SRI-ch (Women)"]
[Site "Nugegoda"]
[Date "2021.12.29"]
[Round "10"]
[White "Vithanawasam, Oneli"]
[Black "Abeysinghe, HMH Janandani"]
[Result "1-0"]
[WhiteElo "1345"]
[BlackElo "1486"]
[PlyCount "69"]
[EventDate "2021.12.24"]
[EventType "tourn"]
[EventRounds "13"]
[EventCountry "SRI"]
[SourceTitle "CBM 205 Extra"]
[Source "ChessBase"]
[SourceDate "2022.01.31"]
[SourceVersion "1"]
[SourceVersionDate "2022.01.31"]
[SourceQuality "1"]

1. d4 Nf6 2. Bf4 g6 3. Nc3 d5 4. e3 c6 5. h4 Bg7 6. Be2 Qb6 7. Na4 Qa5+ 8. c3 Nfd7 9. b4 Qd8 10. Nf3 Nf6 11. Ne5 Nbd7 12. h5 Nxe5 13. Bxe5 0-0 14. Bxf6 exf6 15. Nc5 Re8 16. Nd3 f5 17. g4 fxg4 18. Bxg4 Qg5 19. Bxc8 Raxc8 20. Qf3 Qf6 21. Qg3 Qe7 22. Kd2 Qc7 23. Qh3 a5 24. hxg6 hxg6 25. f4 axb4 26. cxb4 Kf8 27. f5 gxf5 28. Rag1 Ra8 29. Rxg7 Rxa2+ 30. Kc3 Ra3+ 31. Kc2 Qb6 32. Rxf7+ Kxf7 33. Qxf5+ Ke7 34. Rh7+ Kd8 35. Qd7# 1-0

[Event "Nugegoda SRI GP (Women) 2nd"]
[Site "Nugegoda"]
[Date "2021.02.15"]
[Round "6"]
[White "Mendis, Dasuni Hansika"]
[Black "Abeysinghe, HMH Janandani"]
[Result "1-0"]
[WhiteElo "1677"]
[BlackElo "1508"]
[PlyCount "75"]
[EventDate "2021.02.13"]
[EventType "tourn"]
[EventRounds "11"]
[EventCountry "SRI"]
[SourceTitle "EXT 2022"]
[Source "ChessBase"]
[SourceDate "2021.10.06"]
[SourceVersion "1"]
[SourceVersionDate "2021.10.06"]
[SourceQuality "1"]

1. e4 c5 2. Nc3 Nc6 3. f4 g6 4. Nf3 Bg7 5. Bb5 Nd4 6. 0-0 e6 7. Nxd4 Bxd4+ 8. Kh1 a6 9. Be2 Bg7 10. d3 d5 11. e5 Ne7 12. Qe1 0-0 13. Bd2 b5 14. Bf3 Bb7 15. Ne2 c4 16. d4 Nc6 17. c3 Qe7 18. g4 Bc8 19. Ng3 f6 20. exf6 Qxf6 21. f5 Kh8 22. g5 Qd8 23. f6 Bxf6 24. gxf6 Rf7 25. Bg5 Qd6 26. Bg2 Bd7 27. Bf4 Qf8 28. Be5 Ra7 29. Qe3 Rb7 30. a3 a5 31. Ne2 b4 32. axb4 axb4 33. Ra2 b3 34. Ra6 Nxe5 35. dxe5 Qc8 36. Rfa1 Be8 37. Nd4 Bd7 38. Bh3 1-0